Uvas verdes / (Record no. 70950)

MARC details
000 -LEADER
campo de control de longitud fija 00389nam a2200157 i 4500
001 - NÚMERO DE CONTROL
campo de control 70950
003 - IDENTIFICADOR DE NÚMERO DE CONTROL
campo de control ES-MaACL
005 - FECHA Y HORA DE LA ÚLTIMA TRANSACCIÓN
campo de control 20230906170957.0
007 - CAMPO FIJO DE DESCRIPCIÓN FÍSICA--INFORMACIÓN GENERAL
campo de control de longitud fija t|
008 - DATOS DE LONGITUD FIJA--INFORMACIÓN GENERAL
campo de control de longitud fija 040804s1963 sp ||||1| spa d
100 1# - ENTRADA PRINCIPAL--NOMBRE DE PERSONA
Nombre de persona Gasca, Luis.
9 (RLIN) 55835
245 10 - MENCIÓN DEL TÍTULO
Título Uvas verdes /
Mención de responsabilidad, etc. Luis Gasca.
260 ## - PUBLICACIÓN, DISTRIBUCIÓN, ETC.
Lugar de publicación, distribución, etc. [S.l. :
Nombre del editor, distribuidor, etc. Agora,
Fecha de publicación, distribución, etc. 1963]
300 ## - DESCRIPCIÓN FÍSICA
Extensión 93 p. ;
Dimensiones 16 cm.
852 ## - LOCALIZACIÓN
Ubicación ES-MaACL
Número de control de estantería C-22754
Sublocalización o colección R.51613
Holdings
Estatus retirado Estado de pérdida Estado de daño No para préstamo Biblioteca de origen Biblioteca actual Ubicación en estantería Fecha de adquisición Fuente de adquisición Total de préstamos Signatura topográfica completa Código de barras Visto por última vez Precio de reemplazo Tipo de ítem Koha
        Biblioteca del Ateneo de Madrid Biblioteca del Ateneo de Madrid Galería 17/01/2008     C-22754 1074297 23/02/2023 23/02/2023 Libro impreso